Los inicios de la profesión del diseño en México (Record no. 11004)

MARC details
000 -CABECERA
campo de control de longitud fija 01011nam a22002657a 4500
001 - NÚMERO DE CONTROL
campo de control BRCA_9382
003 - IDENTIFICADOR DEL NÚMERO DE CONTROL
campo de control FranzMayer
005 - FECHA Y HORA DE LA ÚLTIMA TRANSACCIÓN
campo de control 20230918124119.0
008 - DATOS DE LONGITUD FIJA--INFORMACIÓN GENERAL
campo de control de longitud fija 230901b |||||||| |||| 00| 0 eng d
020 ## - NÚMERO INTERNACIONAL ESTÁNDAR DEL LIBRO
Número Internacional Estándar del Libro 9708020001
040 ## - FUENTE DE LA CATALOGACIÓN
Centro catalogador/agencia de origen MFM
Lengua de catalogación español
Centro/agencia transcriptor MFM
050 #0 - SIGNATURA TOPOGRÁFICA DE LA BIBLIOTECA DEL CONGRESO
Número de clasificación NK1452.M6
Número de documento/Ítem M73 2006
100 1# - ENTRADA PRINCIPAL--NOMBRE DE PERSONA
Código de función/relación Autora
Nombre de persona Maseda, Pilar
9 (RLIN) 29449
240 ## - TÍTULO UNIFORME
Título uniforme Los inicios de la profesión del diseño en México
Medio Genealogía de sus incidentes
Lenguaje de la obra Español
245 0# - MENCIÓN DE TÍTULO
Título Los inicios de la profesión del diseño en México
Resto del título Genealogía de sus incidentes
260 ## - PUBLICACIÓN, DISTRIBUCIÓN, ETC.
Lugar de publicación, distribución, etc. México
Nombre del editor, distribuidor, etc. Conaculta
Fecha de publicación, distribución, etc. 2006
300 ## - DESCRIPCIÓN FÍSICA
Extensión 175 p
Dimensiones 25 cm
500 ## - NOTA GENERAL
Nota general Anexo 1
505 ## - NOTA DE CONTENIDO CON FORMATO
Nota de contenido con formato Texto en: españolIncluye índice temáticoIncluye bibliografíaIncluye cronologíaIncluye anexos
650 1# - PUNTO DE ACCESO ADICIONAL DE MATERIA--TÉRMINO DE MATERIA
Fuente del encabezamiento o término Diseño
Término de materia o nombre geográfico como elemento de entrada Historia del diseño
Subdivisión de forma Escuelas del diseño
9 (RLIN) 29450
651 2# - PUNTO DE ACCESO ADICIONAL DE MATERIA--NOMBRE GEOGRÁFICO
Fuente del encabezamiento o término Diseño como profesión
Nombre geográfico México
9 (RLIN) 29451
710 1# - PUNTO DE ACCESO ADICIONAL--NOMBRE DE ENTIDAD CORPORATIVA
Código de función/relación Colaborador
Nombre de entidad corporativa o nombre de jurisdicción como elemento de entrada CENIDIAP
9 (RLIN) 29452
710 1# - PUNTO DE ACCESO ADICIONAL--NOMBRE DE ENTIDAD CORPORATIVA
Código de función/relación Colaborador
Nombre de entidad corporativa o nombre de jurisdicción como elemento de entrada Tecnologico de Monterrey
9 (RLIN) 29453
942 ## - ELEMENTOS DE PUNTO DE ACCESO ADICIONAL (KOHA)
Fuente del sistema de clasificación o colocación Library of Congress Classification
Tipo de ítem Koha Libros
Holdings
Estado de retiro Estado de pérdida Fuente del sistema de clasificación o colocación Estado dañado No para préstamo Código de colección Localización permanente Ubicación/localización actual Fecha de adquisición Total de préstamos Signatura topográfica completa Código de barras Fecha visto por última vez Precio válido a partir de Tipo de ítem Koha
El ejemplar forma parte de la colección y puede ser consultado según las políticas vigentes.   Library of Congress Classification     Fondo Contemporáneo Biblioteca del Museo Franz Mayer (Rogerio Casas-Alatriste) Biblioteca del Museo Franz Mayer (Rogerio Casas-Alatriste) 01/09/2023   NK1452.M6 M73 2006 CONT10150 01/09/2023 01/09/2023 Libros